Normal view
MARC view
Entry Personal Name
001 - CONTROL NUMBER
- control field: 3689
003 - CONTROL NUMBER IDENTIFIER
- control field: OSt
005 - DATE AND TIME OF LATEST TRANSACTION
- control field: 20150410154252.0
008 - FIXED-LENGTH DATA ELEMENTS
- fixed length control field: 150410|| aca||aabn | a|a d
040 ## - CATALOGING SOURCE
- Original cataloging agency: OSt
- Transcribing agency: OSt
100 ## - HEADING--PERSONAL NAME
- Personal name: Gracias Vicente H.
670 ## - SOURCE DATA FOUND
- Source citation: Work cat.: (OSt): Gracias Vicente H., Acute Care Surgery :, 2009.
